| 000 | 00385nam a22001577a 4500 | ||
|---|---|---|---|
| 005 | 20160426143140.0 | ||
| 008 | 160426b xxu||||| |||| 00| 0 eng d | ||
| 020 | _a1403-93151-8 | ||
| 041 | _aeng | ||
| 082 | _b00118 | ||
| 100 |
_aSharma, JK _961 |
||
| 245 | _aOperations Research: Theory and Applications | ||
| 260 |
_aDelhi _bMacmillan India Ltd, _c2007 |
||
| 300 | _a1171 | ||
| 942 | _cBK | ||
| 999 |
_c26 _d26 |
||